Southville International School and Colleges
Your cart is empty.
  • Cart
  • Lists
    Public lists list_1 View all
    Your lists Log in to create your own lists
  • Log in to your account
  • Your cookies
  • Search history
Southville International School and Colleges
  • Advanced search
  • Recent comments
  • Most popular
  • Libraries

Log in to your account

Log in with GOOGLE


If you do not have an external account, but do have a local account, you can still log in:

  1. Home
  2. MARC view: Top 10 of everything 2016 /
Normal view MARC view ISBD view

Top 10 of everything 2016 / (Record no. 300622)

[ view plain ]
MARC details
000 -LEADER
fixed length control field 00616nam a2200241Ia 4500
008 - FIXED-LENGTH DATA ELEMENTS--GENERAL INFORMATION
fixed length control field 160819s9999 xx 000 0 und d
020 ## - INTERNATIONAL STANDARD BOOK NUMBER
International Standard Book Number 978-0-600-63135-4
050 ## - LIBRARY OF CONGRESS CALL NUMBER
Classification number REF AG 243
050 ## - LIBRARY OF CONGRESS CALL NUMBER
Item number .T47 2015
100 ## - MAIN ENTRY--PERSONAL NAME
Personal name Terry, Paul.
245 ## - TITLE STATEMENT
Title Top 10 of everything 2016 /
245 ## - TITLE STATEMENT
Statement of responsibility, etc Paul Terry.
260 ## - PUBLICATION, DISTRIBUTION, ETC. (IMPRINT)
Place of publication, distribution, etc Great Britain :
260 ## - PUBLICATION, DISTRIBUTION, ETC. (IMPRINT)
Name of publisher, distributor, etc Hamlyn,
260 ## - PUBLICATION, DISTRIBUTION, ETC. (IMPRINT)
Date of publication, distribution, etc 2015
300 ## - PHYSICAL DESCRIPTION
Extent 320 pages :
300 ## - PHYSICAL DESCRIPTION
Other physical details colored illustrations ;
300 ## - PHYSICAL DESCRIPTION
Dimensions 25 cm.
500 ## - GENERAL NOTE
General note Includes index
650 ## - SUBJECT ADDED ENTRY--TOPICAL TERM
Topical term or geographic name as entry element Curiosities and wonders.
650 ## - SUBJECT ADDED ENTRY--TOPICAL TERM
Topical term or geographic name as entry element Popular culture -- Miscellanea.
650 ## - SUBJECT ADDED ENTRY--TOPICAL TERM
General subdivision Word records.
Holdings
Withdrawn status Lost status Damaged status Home library Current library Shelving location Date acquired Cost, normal purchase price Total Checkouts Full call number Barcode Date last seen Price effective from Koha item type
      South Mansfield College South Mansfield College Reference Section 08/02/2016 535.50   REF AG 243 .T47 2015 SMC06051 08/19/2016 08/19/2016 Books

Top 10 of everything 2016 /

APA

Terry P., .Top 10 of everything 2016. Great Britain: .

Chicago

Terry Paul, .Top 10 of everything 2016. Great Britain: .

Harvard

Terry P., .Top 10 of everything 2016. Great Britain: .

MLA

Terry Paul, .Great Britain: . .

  • Place hold
  • Print
  • Cite
  • Add to your cart (remove)
  • Save record
    BIBTEX Dublin Core MARCXML MARC (non-Unicode/MARC-8) MARC (Unicode/UTF-8) MARC (Unicode/UTF-8, Standard) MODS (XML) RIS
  • More searches
    Search for this title in:
    Other Libraries (WorldCat) Other Databases (Google Scholar) Online Stores (Bookfinder.com) Open Library (openlibrary.org)

Exporting to Dublin Core...

SOUTHVILLE LIBRARY

Southville International School and Colleges Library

1281 Tropical Ave. Cor. Luxembourg St., BF Homes International, Las Pinas City

Tel. No. 8256374 / 252358 Loc. 117/146

Powered by Koha